Estructuralismo, geografía lingüística y dialectología actual

Guardat en:
Dades bibliogràfiques
Autor principal: Alavar, Manuel (Autor)
Format: Llibre
Idioma:espanyol
Publicat: Madrid Gredos 1969
Col·lecció:Biblioteca Románica Hispánica II. Estudios y Ensayos
Matèries:
Etiquetes: Afegir etiqueta
Sense etiquetes, Sigues el primer a etiquetar aquest registre!

MARC

LEADER 00000nam a2200000 a 4500
001 UCJ9928
003 CL-VaPUC
008 070413e19690000SP |||||||||||||||||spa|d
082 0 4 |a 467  |b ALA  |2 21 
100 0 |a Alavar, Manuel  |e author  |9 519994 
245 1 0 |a Estructuralismo, geografía lingüística y dialectología actual 
300 |a 220 p 
942 |c BK 
945 |d 20070413 00:00:00  |a jtorresc 
260 |a Madrid  |b Gredos  |c 1969 
500 |a Donación del Dr. Luis Gómez Macker 
650 7 |a DIALECTOLOGIA  |2 CL-VaPUC  |9 461785 
650 7 |a GEOGRAFIA LINGUISTICA  |2 CL-VaPUC  |9 317819 
650 7 |a LENGUAS ROMANCES  |2 CL-VaPUC  |9 346632 
583 |a last modification  |c 20070413 00:00:00  |k Rodrigo Vera 
490 0 |a Biblioteca Románica Hispánica II. Estudios y Ensayos 
999 |c 325271  |d 325269 
952 |0 0  |1 0  |4 0  |6 467_000000000000000_ALA_1969  |7 0  |8 A  |9 405910  |a FDOPOS  |b FDOPOS  |d 2019-11-22  |i 4274636  |o 467 ALA 1969  |p 4274636  |r 2025-01-22  |w 2019-11-22  |y BK  |k MLA